| 000 | 00874caa a22002417a 4500 | ||
|---|---|---|---|
| 999 |
_c420745 _d420745 |
||
| 001 | 132213 | ||
| 003 | UA-OsUOA | ||
| 005 | 20200129110333.0 | ||
| 007 | ta | ||
| 008 | 20180712b un ||||| |||| 00| 0 ukr d | ||
| 040 |
_aUA-OsUOA _bukr _cUA-OsUOA _dUA-OsUOA |
||
| 041 | _aukr | ||
| 080 | _a908 | ||
| 090 |
_a908 _bК54 |
||
| 100 | _aЛіщук Д. | ||
| 245 |
_aКнязь К. І. Острозький. Штрихи до портрета _cД. Ліщук |
||
| 300 | _aС. 32–33 | ||
| 650 | 7 |
_a908 Краєзнавство _2UDC |
|
| 773 | 0 |
_0396164 _9415205 _aЛіщук Д. С. _dЧернівці 2014 _o147450 _tКнязь Костянтин Острозький крізь призму Оршанської битви 1514 року _w(UA-OsUOA) 110119 |
|
| 942 |
_cBKA _2udc |
||
| 955 | _a1 | ||